| 000 | 00557nam a2200121Ia 4500 | ||
|---|---|---|---|
| 008 | 220620s9999||||xx |||||||||||||| ||und|| | ||
| 100 | _aIlkka Leinonen (Ed.) | ||
| 245 | 0 | _aEnvironmentally Sustainable Livestock Production | |
| 546 | _aEnglish[eng] | ||
| 650 | _aanimal feed||livestock production systems||nutrient dynamics||environmental sustainability||land use and land management||greenhouse gas emissions||environmental impact assessment||manure management||life cycle assessment | ||
| 856 | _uhttps://www.mdpi.com/books/pdfview/book/1114 | ||
| 942 | _cEB | ||
| 999 |
_c27795 _d27795 |
||